Dr. Fazıl Küçük’ten satır araları / (Record no. 15311)
[ view plain ]
| 000 -BAŞLIK | |
|---|---|
| Sabit Uzunlukta Kontrol Alanı | 00834nam a22002417a 4500 |
| 999 ## - SİSTEM KONTROL NUMARALARI (KOHA) | |
| Koha Biblionumber | 15311 |
| Koha Biblioitemnumber | 15311 |
| 003 - KONTROL NUMARASI IDENTIFIER | |
| Denetim Alanı | MIRAKIL |
| 005 - SON İŞLEM TARİHİ VE ZAMANI | |
| Denetim Alanı | 20240207133631.0 |
| 008 - SABİT-BOY VERİ ELEMANLARI - GENEL BİLGİLER | |
| Sabit Uzunlukta Kontrol Alanı | 240207b tu ||||| |||| 00| 0 tur d |
| 020 ## - ULUSLARARASI STANDART KİTAP NUMARASI | |
| Uluslararası Standart Kitap Numarası | 9789963227679 |
| 040 ## - KATALOGLAMA KAYNAK | |
| Orijinal Kataloglama Ajansı | TR-AnCHP |
| Metne Dönüştürmek Ajansı | TR-AnCHP |
| 041 ## - DİL KODU | |
| Metin / Ses Parça Veya Ayrı Başlığın Dil Kodu | Türkçe |
| 082 ## - DEWEY ONLU SINIFLANDIRMA NUMARASI | |
| Sınıflandırma Numarası | 338 |
| Ürün Numarası | D63D 2020 |
| 090 ## - SINIFLAMA NUMARASI | |
| Sınıflama Numarası | 338 D63D 2020 |
| 100 ## - ANA GİRİŞ - KİŞİSEL İSİM | |
| Kişisel Ad | Doğasal, Demiray |
| 245 10 - BAŞLIK TABLOSU | |
| Başlık | Dr. Fazıl Küçük’ten satır araları / |
| Sorumluluk Tablosu, Vb | Demiray Doğasal |
| 250 ## - EDITION TABLOSU | |
| Baskı Beyanı | 2.bs. |
| 260 ## - YAYIN, DAĞITIM, VB | |
| Yayın, Dağıtım, Vb Yeri | Lefkoşa : |
| Yayıncı, Dağıtıcı, Vs Adı | Dr. Fazıl Küçük Vakfı Yayınları, |
| Yayın, Dağıtım, Vb Tarihi | 2020. |
| 300 ## - FİZİKSEL TANIM | |
| Kapsam | xx, 468 s. : |
| Diğer Fiziksel Ayrıntıları | fotoğ. ; |
| Boyutlar | 22 cm. |
| 650 #0 - KONU KATMA GİRİŞ - TOPİKAL DÖNEM | |
| 9 (RLIN) | 7475 |
| Topikal Süreli Veya Coğrafi Ad Giriş Elemanı | Küçük, Fazıl |
| Genel Alt Bölümü | Siyasi ve toplumsal görüşler |
| Kronolojik Alt Bölümü | 1906-1984 |
| Coğrafi Alt Bölümü | Kıbrıs |
| 650 #0 - KONU KATMA GİRİŞ - TOPİKAL DÖNEM | |
| 9 (RLIN) | 7342 |
| Topikal Süreli Veya Coğrafi Ad Giriş Elemanı | Siyasi görüş ve ideolojiler |
| 856 ## - ELEKTRONİK YER VE ERİŞİM | |
| Kamu Notu | Dijital Nüshası için Partimizin Kütüphane Sorumlusu ile iletişime geçiniz. |
| 942 ## - EKLENDİ GİRİŞ ELEMANLARI (KOHA) | |
| Sınıflandırma Veya Raf Düzeni Kaynak | Dewey Decimal Classification |
| Koha Öğesi Türü | Books |
| Kalıcı Konum | Mevcut Konum | Edinme Tarihi | Toplam Check-Out'Lar | Tam Çağrı Numarası | Barkod | Tarih Son Görülme | İtibaren Geçerli Fiyatlar | Koha Öğesi Türü |
|---|---|---|---|---|---|---|---|---|
| CHP Kütüphanesi | CHP Kütüphanesi | 02/07/2024 | 338 D63D 2020 | 20900 | 02/07/2024 | 02/07/2024 | Books |
